Представление документа в формате RUSMARC

Поле Инд. ПП Название Значение
Тип записи a
Библиографический уровень a
001 Контрольный номер 034fc6c5fb8044ae82c08b0f10423bde
005 Дата корректировки 20190924104539.7
100 a Данные общей обработки 20190924 ||| 0rusy0189 ca
101 0_ a Язык текста rus
102 a Страна публикации RU
200 1_ f Первые сведения об ответственности Д.А. Мотовилова
a Заглавие Заключение договора с использованием электронных средств в праве Европейского союза и Франции
b Общее обозначение материала Текст
210 1_ d Дата издания 2019
461 _0 1 2000
a Хозяйство и право
463 _0 1 2000
a № 6
v С. 38-48
1 2101
d 2019
1 001d04db9f94ba3476484a8aba38c9ea60d
606 a Основная рубрика Международное право. Право отдельных стран
610 0_ a Ключевые слова ПРАВО ЕВРОПЕЙСКОГО СОЮЗА
a Ключевые слова ГРАЖДАНСКОЕ ПРАВО
a Ключевые слова ДОГОВОРНОЕ ПРАВО
a Ключевые слова ЭЛЕКТРОННАЯ КОММЕРЦИЯ
700 _1 a Фамилия Мотовилова
b Имя Д.А.
801 _0 a Страна RU
b Организация РГУП
c Дата составления 20190924
g Правила каталогизации PSBO
801 _1 a Страна RU
b Организация РГУП
c Дата составления 20190924
g Правила каталогизации PSBO
901 t Тип документа b
w Контрольный № источника d04db9f94ba3476484a8aba38c9ea60d
905 a Дата ввода 20190924